2025/26 Premier League Top Goalscorers - Statistics

General Stats
  • This quiz has been taken 8 times
  • The average score is 14 of 21
Answer Stats
Goals Team Country Goalscorer % Correct
27 Manchester City Norway Erling Haaland
100%
10 Chelsea FC Argentina Enzo Fernández
88%
11 Liverpool FC France Hugo Ekitiké
88%
10 Manchester United Brazil Matheus Cunha
88%
16 Aston Villa England Ollie Watkins
88%
11 Tottenham Hotspur Brazil Richarlison
88%
14 Arsenal FC Sweden Viktor Gyökeres
88%
11 Manchester United Cameroon Bryan Mbeumo
75%
12 Crystal Palace France Jean-Philippe Mateta
75%
15 Chelsea FC Brazil João Pedro
75%
17 Bournemouth / Man City Ghana Antoine Semenyo
63%
11 Manchester United Slovenia Benjamin Šeško
63%
10 Chelsea FC England Cole Palmer
63%
10 Aston Villa England Morgan Rogers
63%
13 Brighton & Hove Albion England Danny Welbeck
50%
14 Leeds United England Dominic Calvert-Lewin
38%
10 Fulham FC Wales Harry Wilson
38%
22 Brentford FC Brazil Igor Thiago
38%
13 AFC Bournemouth France Junior Kroupi
38%
15 Nottingham Forest England Morgan Gibbs-White
25%
11 Burnley FC Netherlands Zian Flemming
25%
No matching quizzes found
Score Distribution
Percent of People with Each Score
Percentile by Number Answered
Your Score History
You have not taken this quiz